<?xml version="1.0" encoding="UTF-8"?>
<record
    xmlns:xsi="http://www.w3.org/2001/XMLSchema-instance"
    xsi:schemaLocation="http://www.loc.gov/MARC21/slim http://www.loc.gov/standards/marcxml/schema/MARC21slim.xsd"
    xmlns="http://www.loc.gov/MARC21/slim">

  <leader>00556nam a22001697a 4500</leader>
  <datafield tag="999" ind1=" " ind2=" ">
    <subfield code="c">62752</subfield>
    <subfield code="d">62752</subfield>
  </datafield>
  <controlfield tag="005">20250206171329.0</controlfield>
  <controlfield tag="008">250206r2014    enk||||| |||| 00| 0 eng d</controlfield>
  <datafield tag="022" ind1=" " ind2=" ">
    <subfield code="a">2233-3657</subfield>
  </datafield>
  <datafield tag="041" ind1=" " ind2=" ">
    <subfield code="a">eng</subfield>
  </datafield>
  <datafield tag="245" ind1=" " ind2=" ">
    <subfield code="a">TSU Science :</subfield>
    <subfield code="b">Scientific-Popular Journal /</subfield>
    <subfield code="c">Ivane Javakhishvili Tbilisi State University.</subfield>
  </datafield>
  <datafield tag="260" ind1=" " ind2=" ">
    <subfield code="a">Tbilisi,</subfield>
    <subfield code="c"> 2014-</subfield>
  </datafield>
  <datafield tag="300" ind1=" " ind2=" ">
    <subfield code="a">V.</subfield>
  </datafield>
  <datafield tag="521" ind1=" " ind2=" ">
    <subfield code="a">&#x10E2;&#x10D4;&#x10E5;&#x10E1;&#x10E2;&#x10D8; &#x10D8;&#x10DC;&#x10D2;&#x10DA;&#x10D8;&#x10E1;&#x10E3;&#x10E0; &#x10D4;&#x10DC;&#x10D0;&#x10D6;&#x10D4;.</subfield>
  </datafield>
  <datafield tag="653" ind1=" " ind2=" ">
    <subfield code="a">&#x10DE;&#x10D4;&#x10E0;&#x10D8;&#x10DD;&#x10D3;&#x10D8;&#x10D9;&#x10D0;</subfield>
  </datafield>
  <datafield tag="710" ind1=" " ind2=" ">
    <subfield code="a">Ivane Javakhishvili Tbilisi State University.</subfield>
    <subfield code="9">24271</subfield>
  </datafield>
  <datafield tag="942" ind1=" " ind2=" ">
    <subfield code="2">udc</subfield>
    <subfield code="c">CR</subfield>
  </datafield>
  <datafield tag="952" ind1=" " ind2=" ">
    <subfield code="0">0</subfield>
    <subfield code="1">0</subfield>
    <subfield code="2">udc</subfield>
    <subfield code="4">0</subfield>
    <subfield code="7">0</subfield>
    <subfield code="9">102046</subfield>
    <subfield code="a">CPL</subfield>
    <subfield code="b">CPL</subfield>
    <subfield code="c">GEN</subfield>
    <subfield code="d">2025-02-06</subfield>
    <subfield code="h">Volume #6 2014</subfield>
    <subfield code="p">81362 p</subfield>
    <subfield code="r">2025-02-06</subfield>
    <subfield code="t">81362</subfield>
    <subfield code="u">&#x10DC;&#x10D0;&#x10E9;&#x10E3;&#x10E5;&#x10D0;&#x10E0;&#x10D8;</subfield>
    <subfield code="w">2025-02-06</subfield>
    <subfield code="y">CR</subfield>
  </datafield>
</record>
